Central Library OPAC University of Rajshahi

Women, war and peace in South Asia : (Record no. 58299)

MARC details
000 -LEADER
fixed length control field 00992nam a2200301 a 4500
001 - CONTROL NUMBER
control field 58299
003 - CONTROL NUMBER IDENTIFIER
rucl marc code BD-RJUL
005 - DATE AND TIME OF LATEST TRANSACTION
control field 20211209080615.0
008 - FIXED-LENGTH DATA ELEMENTS--GENERAL INFORMATION
fixed length control field 161217s2001 ii 001 0 eng d
020 ## - INTERNATIONAL STANDARD BOOK NUMBER
International Standard Book Number 0761995390
International Standard Book Number 0761995404 (U.S. : pbk.)
International Standard Book Number 8178290189 (India)
International Standard Book Number 8178290197 (India : pbk.)
035 ## - SYSTEM CONTROL NUMBER
System control number BD-RJUL 58423
040 ## - CATALOGING SOURCE
Original cataloging agency DLC
Transcribing agency DLC
Language of cataloging eng
041 ## - LANGUAGE CODE
Language code of text/sound track or separate title eng
082 0# - DEWEY DECIMAL CLASSIFICATION NUMBER
Classification number 305.40954
Edition number 21
Author mark and year WOM 2001
245 00 - TITLE STATEMENT
Title Women, war and peace in South Asia :
Remainder of title beyond victimhood to agency /
Statement of responsibility, etc. editor, Rita Manchanda.
260 ## - PUBLICATION, DISTRIBUTION, ETC. (IMPRINT)
Place of publication, distribution, etc. New Delhi ;
-- London :
Name of publisher, distributor, etc. Sage,
Date of publication, distribution, etc. 2001.
300 ## - PHYSICAL DESCRIPTION
Pagination 304 p. ;
Size 23 cm.
504 ## - BIBLIOGRAPHY, ETC. NOTE
Bibliography, etc Includes bibliographical references and index
650 #0 - SUBJECT ADDED ENTRY--TOPICAL TERM
Topical term or geographic name as entry element Women and peace
Geographic subdivision South Asia.
9 (RLIN) 173162
Topical term or geographic name as entry element Women and war
Geographic subdivision South Asia.
9 (RLIN) 173163
Topical term or geographic name as entry element Women
General subdivision Political activity
Geographic subdivision South Asia.
9 (RLIN) 173164
Topical term or geographic name as entry element Women
Geographic subdivision South Asia
General subdivision Social conditions.
9 (RLIN) 173165
700 1# - ADDED ENTRY--PERSONAL NAME
Personal name Manchanda, Rita.
942 ## - ADDED ENTRY ELEMENTS (KOHA)
Source of classification or shelving scheme Dewey Decimal Classification
Koha item type Books
Holdings
Lost status Source of classification or shelving scheme Damaged status Not for loan Collection code Permanent Location Current Location Shelving location Date acquired Source of acquisition Cost, normal purchase price Total Checkouts Full call number Date last seen Copy number Koha item type
  Dewey Decimal Classification   Not For Loan Non-fiction Central Library, University of Rajshahi Central Library, University of Rajshahi Reading Room 04/05/2008 Paragon Enterprises Dhaka 595.00   305.40954 WOM 2001 17/12/2016 C-1 Books